| 000 | 00394nam a2200145 a 4500 | ||
|---|---|---|---|
| 001 | 1177 | ||
| 003 | CDMR | ||
| 005 | 20130311113455.0 | ||
| 008 | 130130s2008||||||||||||||||||||||||||||d | ||
| 040 |
_aCDMR _bcat _cCPC LLEIDA |
||
| 100 | 1 |
_aSolé Marti, Esther _9922 |
|
| 245 | 1 | 0 |
_aEnric Crous-Vidal Enfant terrible 1908-1987 _cSOLÉ MARTI, Esther |
| 260 |
_aLleida _c2008 _bLa Clamor |
||
| 942 |
_cMON _2udc |
||
| 999 |
_c1177 _d1177 |
||